50 Highest HDI Index Countries - Statistics

General Stats
  • This quiz has been taken 141 times
    129 since last reset
  • The average score is 46 of 50
Answer Stats
HDI Country % Correct
0.951 Australia
100%
0.936 Canada
100%
0.940 Finland
100%
0.925 South Korea
100%
0.905 Spain
100%
0.937 Belgium
99%
0.948 Denmark
99%
0.925 Japan
99%
0.866 Portugal
99%
0.947 Sweden
99%
0.962 Switzerland
99%
0.890 Èstonia
98%
0.942 Germany
98%
0.941 Netherlands
98%
0.937 New Zealand
98%
0.916 Austria
97%
0.903 France
97%
0.887 Greece
97%
0.945 Ireland
97%
0.895 Italy
97%
0.863 Latvia
97%
0.930 Luxembourg
97%
0.961 Norway
97%
0.929 United Kingdom
97%
0.959 Iceland
96%
0.921 United States
96%
0.875 Lithuania
95%
0.935 Liechtenstein
94%
0.918 Slovenia
94%
.911 United Arab Emirates
94%
0.889 Czechia
93%
0.846 Hungary
93%
0.876 Poland
93%
0.939 Singapore
93%
0.848 Slovakia
93%
0.858 Andorra
92%
0.855 Qatar
92%
0.855 San Marino
91%
0.875 Saudi Arabia
90%
0.875 Bahrain
89%
0.858 Croatia
89%
0.831 Kuwait
88%
0.919 Israel
86%
0.918 Malta
84%
0.842 Argentina
82%
0.855 Chile
82%
0.838 Turkey
82%
0.896 Cyprus
76%
0.829 Brunei
68%
0.832 Montenegro
61%
No matching quizzes found
Score Distribution
Percent of People with Each Score
Percentile by Number Answered
Your Score History
You have not taken this quiz since the last reset